| 000 | 00614nam a2200193 a 4500 | ||
|---|---|---|---|
| 005 | 20210223130408.0 | ||
| 008 | 080305s2004 mx r 000 0 spa d | ||
| 020 | _a9803881728 | ||
| 035 | _aUPN01000154755 | ||
| 049 | _aI | ||
| 050 | 4 |
_aPZ76.3 _bG3.3 |
|
| 100 | 1 |
_aGarcía Alvarez, Pablo Emilio _938405 |
|
| 245 | 1 | 0 |
_aAnimales en la historia / _cPablo Emilio García Álvarez ; il. C. Ernesto García. |
| 260 |
_aBogotá : _bEl Nacional, _c2004. |
||
| 300 |
_a30 p. : _bil. col. |
||
| 440 | 0 |
_aBrújula de papel. _pCiencias sociales ; _v3 |
|
| 650 | 4 |
_aANIMALES - _vLITERATURA JUVENIL _91062 |
|
| 905 | _aInfantil | ||
| 999 |
_c126871 _d126871 |
||